<?xml version="1.0" encoding="UTF-8"?>
<record
    xmlns:xsi="http://www.w3.org/2001/XMLSchema-instance"
    xsi:schemaLocation="http://www.loc.gov/MARC21/slim http://www.loc.gov/standards/marcxml/schema/MARC21slim.xsd"
    xmlns="http://www.loc.gov/MARC21/slim">

  <leader>00801nam a22001577a 4500</leader>
  <controlfield tag="003">LRUA</controlfield>
  <controlfield tag="005">20220824094756.0</controlfield>
  <controlfield tag="008">220824b        xxu||||| |||| 00| 0 eng d</controlfield>
  <datafield tag="040" ind1=" " ind2=" ">
    <subfield code="c">RUA</subfield>
  </datafield>
  <datafield tag="082" ind1=" " ind2=" ">
    <subfield code="2">AED VAC 2019 B699 Or.</subfield>
  </datafield>
  <datafield tag="100" ind1=" " ind2=" ">
    <subfield code="9">15119</subfield>
    <subfield code="a">VA CHANVEASNA,&#x179C;&#x17C9;&#x17B6; &#x1785;&#x17B6;&#x1793;&#x17CB;&#x179C;&#x17B6;&#x179F;&#x1793;&#x17B6;</subfield>
  </datafield>
  <datafield tag="245" ind1=" " ind2=" ">
    <subfield code="a">THE STUDY ON THE ECONOMIC EFFIVIENCY OF PAILIN LONGAN IN SALA KRAV COMMUNE,SALA KRAV DISTRICT,PAILIN PROVINCE,&#x1780;&#x17B6;&#x179A;&#x179F;&#x17B7;&#x1780;&#x17D2;&#x179F;&#x17B6;&#x17A2;&#x17C6;&#x1796;&#x17B8;&#x1794;&#x17D2;&#x179A;&#x179F;&#x17B7;&#x1791;&#x17D2;&#x1792;&#x1797;&#x17B6;&#x1796;&#x179F;&#x17C1;&#x178A;&#x17D2;&#x178B;&#x1780;&#x17B7;&#x1785;&#x17D2;&#x1785;&#x179B;&#x17BE;&#x1780;&#x179F;&#x17B7;&#x178A;&#x17D2;&#x178B;&#x17B6;&#x1793;&#x178A;&#x17C6;&#x178E;&#x17B6;&#x17C6;&#x1798;&#x17C0;&#x1793;&#x1794;&#x17C9;&#x17C3;&#x179B;&#x17B7;&#x1793;&#x1793;&#x17C5;&#x1783;&#x17BB;&#x17C6;&#x179F;&#x17B6;&#x179B;&#x17B6;&#x1780;&#x17D2;&#x179A;&#x17C5; &#x179F;&#x17D2;&#x179A;&#x17BB;&#x1780;&#x179F;&#x17B6;&#x179B;&#x17B6;&#x1780;&#x17D2;&#x179A;&#x17C5; &#x1781;&#x17C1;&#x178F;&#x17D2;&#x178F;&#x1794;&#x17C9;&#x17C3;&#x179B;&#x17B7;&#x1793;</subfield>
  </datafield>
  <datafield tag="260" ind1=" " ind2=" ">
    <subfield code="a">phnom penh</subfield>
    <subfield code="b">rua</subfield>
    <subfield code="c">2019</subfield>
  </datafield>
  <datafield tag="300" ind1=" " ind2=" ">
    <subfield code="a">xi.40p.</subfield>
    <subfield code="b">ill.</subfield>
    <subfield code="c">29cm.</subfield>
  </datafield>
  <datafield tag="942" ind1=" " ind2=" ">
    <subfield code="2">ddc</subfield>
    <subfield code="c">AED</subfield>
  </datafield>
  <datafield tag="999" ind1=" " ind2=" ">
    <subfield code="c">20359</subfield>
    <subfield code="d">20359</subfield>
  </datafield>
  <datafield tag="952" ind1=" " ind2=" ">
    <subfield code="0">0</subfield>
    <subfield code="1">0</subfield>
    <subfield code="2">ddc</subfield>
    <subfield code="4">0</subfield>
    <subfield code="6">AED_VAC_2019_000000000000000_B699_OR</subfield>
    <subfield code="7">0</subfield>
    <subfield code="9">90685</subfield>
    <subfield code="a">LBB</subfield>
    <subfield code="b">LBB</subfield>
    <subfield code="c">B699</subfield>
    <subfield code="d">2022-08-24</subfield>
    <subfield code="o">AED VAC 2019 B699 Or.</subfield>
    <subfield code="p">A070360</subfield>
    <subfield code="r">2022-08-24</subfield>
    <subfield code="w">2022-08-24</subfield>
    <subfield code="y">AED</subfield>
  </datafield>
  <datafield tag="952" ind1=" " ind2=" ">
    <subfield code="0">0</subfield>
    <subfield code="1">0</subfield>
    <subfield code="2">ddc</subfield>
    <subfield code="4">0</subfield>
    <subfield code="6">AED_VAC_2019_000000000000000_B699_OR</subfield>
    <subfield code="7">0</subfield>
    <subfield code="9">90686</subfield>
    <subfield code="a">LBB</subfield>
    <subfield code="b">LBB</subfield>
    <subfield code="c">B699</subfield>
    <subfield code="d">2022-08-24</subfield>
    <subfield code="o">AED VAC 2019 B699 Or.</subfield>
    <subfield code="p">A071000</subfield>
    <subfield code="r">2022-08-24</subfield>
    <subfield code="w">2022-08-24</subfield>
    <subfield code="y">AED</subfield>
  </datafield>
  <datafield tag="952" ind1=" " ind2=" ">
    <subfield code="0">0</subfield>
    <subfield code="1">0</subfield>
    <subfield code="2">ddc</subfield>
    <subfield code="4">0</subfield>
    <subfield code="6">AED_VAC_2019_000000000000000_B699_OR</subfield>
    <subfield code="7">0</subfield>
    <subfield code="9">90687</subfield>
    <subfield code="a">LBB</subfield>
    <subfield code="b">LBB</subfield>
    <subfield code="c">B699</subfield>
    <subfield code="d">2022-08-24</subfield>
    <subfield code="o">AED VAC 2019 B699 Or.</subfield>
    <subfield code="p">A070416</subfield>
    <subfield code="r">2022-08-24</subfield>
    <subfield code="w">2022-08-24</subfield>
    <subfield code="y">AED</subfield>
  </datafield>
  <datafield tag="952" ind1=" " ind2=" ">
    <subfield code="0">0</subfield>
    <subfield code="1">0</subfield>
    <subfield code="2">ddc</subfield>
    <subfield code="4">0</subfield>
    <subfield code="6">AED_VAC_2019_000000000000000_B699_OR</subfield>
    <subfield code="7">0</subfield>
    <subfield code="9">90688</subfield>
    <subfield code="a">LBB</subfield>
    <subfield code="b">LBB</subfield>
    <subfield code="c">B699</subfield>
    <subfield code="d">2022-08-24</subfield>
    <subfield code="o">AED VAC 2019 B699 Or.</subfield>
    <subfield code="p">A070644</subfield>
    <subfield code="r">2022-08-24</subfield>
    <subfield code="w">2022-08-24</subfield>
    <subfield code="y">AED</subfield>
  </datafield>
  <datafield tag="952" ind1=" " ind2=" ">
    <subfield code="0">0</subfield>
    <subfield code="1">0</subfield>
    <subfield code="2">ddc</subfield>
    <subfield code="4">0</subfield>
    <subfield code="6">AED_VAC_2019_000000000000000_B699_OR</subfield>
    <subfield code="7">0</subfield>
    <subfield code="9">90689</subfield>
    <subfield code="a">LBB</subfield>
    <subfield code="b">LBB</subfield>
    <subfield code="c">B699</subfield>
    <subfield code="d">2022-08-24</subfield>
    <subfield code="o">AED VAC 2019 B699 Or.</subfield>
    <subfield code="p">A070408</subfield>
    <subfield code="r">2022-08-24</subfield>
    <subfield code="w">2022-08-24</subfield>
    <subfield code="y">AED</subfield>
  </datafield>
</record>
